[Event "38th POL-ch"]
[Site "Warszawa POL"]
[Date "1981.??.??"]
[Round "5"]
[White "Kuligowski, Adam"]
[Black "Kruszynski, Wlodzimierz"]
[Result "1-0"]
[WhiteElo "2450"]
[BlackElo "2325"]
[EventDate "1981.??.??"]
[PlyCount "81"]

1.d4 Nf6 2.c4 e6 3.Nf3 b6 4.e3 Bb7 5.Bd3 c5 6.O-O Be7 7.b3 cxd4 8.exd4 d5 
9.Bb2 O-O 10.Qe2 Nc6 11.Nbd2 Re8 12.Rac1 Rc8 13.Rfe1 Bf8 14.a3 g6 15.h3 
Bh6 16.c5 Nh5 17.Bb5 Nf4 18.Qd1 Bg7 19.b4 bxc5 20.Rxc5 Re7 21.Qc2 Rec7 22.
Rc1 Bf8 23.Rc3 Bd6 24.Qd1 Nb8 25.Bf1 Rxc3 26.Rxc3 Rxc3 27.Bxc3 Qb6 28.Qa4 
Bc6 29.b5 Be8 30.Ba5 Qb7 31.Bb4 Bc7 32.Qc2 Nd7 33.Nb3 e5 34.Nc5 Qb6 35.Na6
Bd8 36.dxe5 Qe6 37.g3 Nh5 38.Nd4 Qxe5 39.Nc6 Qg5 40.h4 Qf6 41.Bc3 1-0

[Event "38th POL-ch"]
[Site "Warszawa POL"]
[Date "1981.??.??"]
[Round "5"]
[White "Panczyk, Krzysztof"]
[Black "Pokojowczyk, Jerzy"]
[Result "1-0"]
[WhiteElo "2365"]
[BlackElo "2390"]
[EventDate "1981.??.??"]
[PlyCount "185"]

1.d4 Nf6 2.c4 e6 3.Nc3 Bb4 4.e3 O-O 5.Bd3 d5 6.Nf3 b6 7.O-O Bb7 8.cxd5 
exd5 9.Bd2 a6 10.Ne5 Bd6 11.f4 c5 12.Rf3 Ne4 13.Rh3 Nd7 14.Nxd7 Qxd7 15.
Qh5 h6 16.Nxd5 Bxd5 17.Qxd5 Nxd2 18.dxc5 Rfd8 19.cxd6 Qxd6 20.Qxd6 Rxd6 
21.e4 Rad8 22.Bxa6 Nxe4 23.Re3 Nc5 24.Bf1 Rd2 25.b4 Ne6 26.a4 Nxf4 27.a5 
bxa5 28.bxa5 R2d7 29.a6 Ra7 30.Rb3 Ne6 31.Rab1 Rdd7 32.Rb7 Nc5 33.Rxd7 
Nxd7 34.Bb5 Nc5 35.Rc1 Ne6 36.Rc8+ Kh7 37.Bd3+ g6 38.Rc6 Kg7 39.Bc4 Nc7 
40.Kf2 Kf8 41.Rb6 Nxa6 42.Bxa6 h5 43.Kf3 Kg7 44.Bc4 Rd7 45.Bb5 Rc7 46.Bc6 
Ra7 47.Bd5 Ra3+ 48.Ke4 Ra1 49.Rb7 Rf1 50.Ke5 Rf5+ 51.Kd6 Rf6+ 52.Ke7 Rf5 
53.Rd7 Re5+ 54.Kd6 Rf5 55.Ra7 Rf6+ 56.Ke5 Rf5+ 57.Ke4 Rf2 58.Ra2 Rf1 59.
Ra3 Rh1 60.h3 Rc1 61.Ke5 Rc2 62.Ra2 Rc1 63.Rf2 Re1+ 64.Kd6 f5 65.Ra2 h4 
66.Ra7+ Kf6 67.Rf7+ Kg5 68.Re7 Rd1 69.Re6 Rd2 70.Kc6 Rc2+ 71.Kd6 Rd2 72.
Kc5 Rc2+ 73.Kd4 Kf4 74.Kd3 Rc5 75.Kd4 Rc2 76.Rf6 Rd2+ 77.Kc5 Kg5 78.Re6 
Rc2+ 79.Kb4 Rc7 80.Bc6 Rg7 81.Be8 Rg8 82.Kc5 Rg7 83.Kd6 Kh6 84.Ke5 Kg5 85.
Kd6 Kh6 86.Re7 Rg8 87.Ke6 Rf8 88.Bf7 Kg7 89.Be8+ Kh6 90.Bd7 Kg5 91.Ke5 Ra8
92.Be8 Ra2 93.Re6 1-0

[Event "38th POL-ch"]
[Site "Warszawa POL"]
[Date "1981.??.??"]
[Round "5"]
[White "Przewoznik, Jan"]
[Black "Jasnikowski, Zbigniew"]
[Result "0-1"]
[WhiteElo "2370"]
[BlackElo "2380"]
[EventDate "1981.??.??"]
[PlyCount "112"]

1.e4 c5 2.Nf3 Nc6 3.d4 cxd4 4.Nxd4 Nf6 5.Nc3 d6 6.Bg5 e6 7.Qd2 Be7 8.O-O-O
O-O 9.f3 a6 10.g4 Nxd4 11.Qxd4 b5 12.Kb1 Qc7 13.Qf2 b4 14.Bxf6 Bxf6 15.Ne2
a5 16.Nf4 a4 17.Nh5 Be7 18.Qd4 e5 19.Qc4 Qa7 20.Qxb4 Be6 21.Qd2 Rab8 22.h4
Rb6 23.Ka1 Rfb8 24.Rb1 Qb7 25.c4 a3 26.b3 d5 27.Qc3 Bb4 28.Qxe5 f6 29.Qd4 
dxe4 30.c5 Qd5 31.Qxd5 Bc3+ 32.Rb2 Bxd5 33.cxb6 Bxb2+ 34.Kb1 exf3 35.Nf4 
Bf7 36.Rh3 g5 37.hxg5 fxg5 38.Nd3 Bg6 39.Kc2 Be4 40.Rh6 Bd4 41.Re6 Bg6 42.
Kd2 Rxb6 43.Rxb6 Bxb6 44.Ne5 Be4 45.Bd3 f2 46.Bf1 Bd4 47.Nc4 Bc5 48.Kc3 h5
49.b4 Ba7 50.Nd6 Bd5 51.Nc8 Bxa2 52.Nxa7 hxg4 53.Nc6 Kg7 54.b5 Bd5 55.Nb4 
a2 56.Nxa2 g3 0-1

[Event "38th POL-ch"]
[Site "Warszawa POL"]
[Date "1981.??.??"]
[Round "5"]
[White "Rakowiecki, Tomasz"]
[Black "Hawelko, Marek"]
[Result "0-1"]
[WhiteElo "2270"]
[BlackElo "2345"]
[EventDate "1981.??.??"]
[PlyCount "136"]

1.e4 c5 2.Nf3 d6 3.d4 cxd4 4.Nxd4 Nf6 5.Nc3 a6 6.Be3 e5 7.Nf3 Qc7 8.a4 Be7
9.a5 O-O 10.Be2 Be6 11.O-O h6 12.Qd3 Nbd7 13.Nd2 Rac8 14.Ra4 Qc6 15.Bf3 
Rfd8 16.Qe2 Nc5 17.Bxc5 Qxc5 18.Rd1 Qc6 19.Nf1 b5 20.axb6 Qxb6 21.Nd5 Nxd5
22.exd5 Bd7 23.Rxa6 Qxb2 24.c4 Qc3 25.Nd2 f5 26.g4 g6 27.gxf5 gxf5 28.Ra7 
e4 29.Bg2 Bg5 30.h4 Bxh4 31.Qh5 Qf6 32.Bh3 Ra8 33.Rxa8 Rxa8 34.Kh1 Bxf2 
35.Nxe4 fxe4 36.Bxd7 Qh4+ 37.Qxh4 Bxh4 38.Rg1+ Bg5 39.Kg2 Ra2+ 40.Kg3 Kf7 
41.Re1 e3 42.Kf3 Rc2 43.Bb5 Rf2+ 44.Kg4 Kf6 45.c5 Rf4+ 46.Kh3 Rb4 47.Ba6 
Ra4 48.Be2 dxc5 49.Rc1 Ke5 50.Rxc5 Ra2 51.Bf3 Rf2 52.Bd1 Rd2 53.Bf3 Rf2 
54.Bd1 Bf4 55.Kg4 Rf1 56.Be2 Rg1+ 57.Kh3 Rh1+ 58.Kg2 Rh2+ 59.Kf1 Bg3 60.
Bg4 Kd4 61.Ra5 h5 62.Be2 Rf2+ 63.Ke1 h4 64.Kd1 h3 65.d6 h2 66.Rh5 Bxd6 67.
Rh4+ Kc3 68.Rh3 Bg3 0-1

[Event "38th POL-ch"]
[Site "Warszawa POL"]
[Date "1981.??.??"]
[Round "5"]
[White "Schmidt, Wlodzimierz"]
[Black "Bielczyk, Jacek"]
[Result "1-0"]
[WhiteElo "2495"]
[BlackElo "2410"]
[EventDate "1981.??.??"]
[PlyCount "72"]

1.d4 Nf6 2.c4 c5 3.d5 b5 4.Nf3 bxc4 5.Nc3 d6 6.e4 g6 7.Bxc4 Bg7 8.e5 dxe5 
9.Nxe5 O-O 10.O-O Ne8 11.Re1 Nd6 12.Bf1 e6 13.Bf4 g5 $6 14.Bg3 Nf5 15.Bc4 
Nxg3 16.hxg3 Bxe5 $2 17.Rxe5 Nd7 18.Re3 Nb6 19.b3 exd5 20.Nxd5 Nxd5 21.
Bxd5 Rb8 22.Rc1 Bb7 23.Rxc5 Qf6 24.Bxb7 Rxb7 25.Qf3 Qa1+ 
    ( 25...Qxf3 $2 26.Rxg5+ )
26.Kh2 Rb6 27.Rxg5+ Rg6 28.Ra5 Rd8 29.g4 Qg7 30.Rae5 Qh6+ 31.Rh5 Qg7 32.
Re4 Rf6 33.Qe3 Qf8 34.g3 Rg6 35.Rhe5 Qh6+ 36.Qxh6 Rxh6+ 1-0

[Event "38th POL-ch"]
[Site "Warszawa POL"]
[Date "1981.??.??"]
[Round "5"]
[White "Stempin, Pawel"]
[Black "Nowak, Ignacy"]
[Result "1/2-1/2"]
[WhiteElo "2325"]
[BlackElo "2370"]
[EventDate "1981.??.??"]
[PlyCount "52"]

1.d4 Nf6 2.c4 e6 3.Nc3 Bb4 4.Nf3 c5 5.g3 cxd4 6.Nxd4 Ne4 7.Qd3 Qa5 8.Nb3 
Nxc3 9.Bd2 Ne4 10.Qxe4 Bxd2+ 11.Nxd2 Nc6 12.Bg2 O-O 13.Qe3 d5 14.O-O Rd8 
15.Nb3 Qb4 16.cxd5 exd5 17.Rfd1 Be6 18.Nd4 Qb6 19.b3 Rac8 20.Rd3 Re8 21.
Qd2 Ne5 22.Rc3 Rxc3 23.Qxc3 Rc8 24.Qd2 Nc6 25.Nxe6 fxe6 26.Rc1 Rf8 1/2-1/2

[Event "38th POL-ch"]
[Site "Warszawa POL"]
[Date "1981.??.??"]
[Round "5"]
[White "Sznapik, Aleksander"]
[Black "Adamski, Jan"]
[Result "1/2-1/2"]
[WhiteElo "2450"]
[BlackElo "2430"]
[EventDate "1981.??.??"]
[PlyCount "44"]

1.e4 c5 2.Nf3 d6 3.d4 cxd4 4.Nxd4 Nf6 5.Nc3 a6 6.Be2 e6 7.f4 Be7 8.O-O O-O
9.Kh1 Qc7 10.Qe1 Nc6 11.Be3 Nxd4 12.Bxd4 b5 13.e5 dxe5 14.fxe5 Nd7 15.Bf3 
Bb7 16.Bxb7 Qxb7 17.Ne4 Qc7 18.c3 Nxe5 19.Qg3 f6 20.Nxf6+ Bxf6 21.Rxf6 
Rxf6 22.Bxe5 Raf8 1/2-1/2

[Event "38th POL-ch"]
[Site "Warszawa POL"]
[Date "1981.??.??"]
[Round "6"]
[White "Adamski, Jan"]
[Black "Przewoznik, Jan"]
[Result "1/2-1/2"]
[WhiteElo "2430"]
[BlackElo "2370"]
[EventDate "1981.??.??"]
[PlyCount "52"]

1.c4 Nf6 2.d4 e6 3.Nf3 c5 4.g3 d5 5.cxd5 Nxd5 6.Bg2 Nc6 7.O-O Qb6 8.e4 Nf6
9.dxc5 Bxc5 10.Nc3 Be7 11.e5 Nd7 12.Qe2 O-O 13.Rd1 a6 14.Bf4 Nc5 15.Bg5 
Bxg5 16.Nxg5 h6 17.Nf3 Rd8 18.Qe3 Rxd1+ 19.Rxd1 Nd7 20.Qxb6 Nxb6 21.Ne4 
Nd7 22.Nd6 Ndxe5 23.Nxe5 Nxe5 24.Rc1 Nc6 25.Bxc6 bxc6 26.Rxc6 Bd7 1/2-1/2

[Event "38th POL-ch"]
[Site "Warszawa POL"]
[Date "1981.??.??"]
[Round "6"]
[White "Hawelko, Marek"]
[Black "Kuligowski, Adam"]
[Result "1/2-1/2"]
[WhiteElo "2345"]
[BlackElo "2450"]
[EventDate "1981.??.??"]
[PlyCount "57"]

1.c4 e5 2.Nc3 Nf6 3.Nf3 Nc6 4.g3 d5 5.cxd5 Nxd5 6.Bg2 Nb6 7.O-O Be7 8.d3 
O-O 9.Be3 Kh8 10.Qc1 f6 11.Rd1 Nd4 12.Bxd4 exd4 13.Nb5 c5 14.b4 Bd7 15.
bxc5 Bxb5 16.cxb6 Ba4 17.Rf1 axb6 18.Qb2 Bc5 19.Nd2 Bc6 20.Bxc6 bxc6 21.a4
Re8 22.Nb3 Bd6 23.Qxd4 Rxe2 24.Rfe1 Re5 25.Rxe5 Bxe5 26.Qxd8+ Rxd8 27.d4 
Bxd4 28.Nxd4 Rxd4 29.Rb1 1/2-1/2

[Event "38th POL-ch"]
[Site "Warszawa POL"]
[Date "1981.??.??"]
[Round "6"]
[White "Jasnikowski, Zbigniew"]
[Black "Rakowiecki, Tomasz"]
[Result "1-0"]
[WhiteElo "2380"]
[BlackElo "2270"]
[EventDate "1981.??.??"]
[PlyCount "63"]

1.e4 c5 2.Nf3 g6 3.c4 Bg7 4.d4 cxd4 5.Nxd4 Nc6 6.Be3 Nf6 7.Nc3 O-O 8.Be2 
b6 9.O-O Bb7 10.Nc2 d6 11.Bg5 Rc8 12.f3 Qd7 13.Qd2 Rfd8 14.Ne3 Nd4 15.Qxd4
Nxe4 16.Qxg7+ Kxg7 17.fxe4 Rc5 18.Bh4 Re8 19.Rf2 Rf8 20.Raf1 h5 21.h3 f6 
22.Bg3 a6 23.b4 Rcc8 24.Ned5 Qd8 25.Rf3 Bc6 26.Bf2 Rb8 27.b5 axb5 28.cxb5 
Bxd5 29.Nxd5 e6 30.Nf4 Qc8 31.Rg3 e5 32.Nxg6 1-0

[Event "38th POL-ch"]
[Site "Warszawa POL"]
[Date "1981.??.??"]
[Round "6"]
[White "Nowak, Ignacy"]
[Black "Sznapik, Aleksander"]
[Result "0-1"]
[WhiteElo "2370"]
[BlackElo "2450"]
[EventDate "1981.??.??"]
[PlyCount "74"]

1.c4 g6 2.Nf3 Bg7 3.d4 Nf6 4.g3 O-O 5.Bg2 d6 6.O-O Nc6 7.Nc3 a6 8.Nd5 Bf5 
9.Nxf6+ Bxf6 10.Be3 Re8 11.Qd2 Be4 12.d5 Nb8 13.Rac1 c5 14.Rfd1 Nd7 15.Ne1
Bxg2 16.Kxg2 b5 17.b4 Ne5 18.cxb5 axb5 19.bxc5 Nc4 20.Qb4 Nxe3+ 21.fxe3 
Rxa2 22.Qxb5 dxc5 23.Rxc5 Qa8 24.Rc2 Rxc2 25.Nxc2 Rc8 26.Nb4 Rc3 27.Rd3 
Rc1 28.Na6 Kg7 29.Rb3 Qc8 30.Qd3 Re1 31.e4 Qc1 32.Qe3 Qd1 33.Kf3 Rf1+ 34.
Kg2 Bd4 35.Qd3 Rf2+ 36.Kh3 Qf1+ 37.Kg4 h5+ 0-1

[Event "38th POL-ch"]
[Site "Warszawa POL"]
[Date "1981.??.??"]
[Round "6"]
[White "Panczyk, Krzysztof"]
[Black "Ksieski, Zbigniew"]
[Result "1/2-1/2"]
[WhiteElo "2365"]
[BlackElo "2345"]
[EventDate "1981.??.??"]
[PlyCount "23"]

1.d4 Nf6 2.c4 c5 3.d5 e6 4.Nc3 exd5 5.cxd5 d6 6.e4 g6 7.Nf3 Bg7 8.Be2 O-O 
9.O-O a6 10.a4 Bg4 11.Bg5 h6 12.Bf4 1/2-1/2

[Event "38th POL-ch"]
[Site "Warszawa POL"]
[Date "1981.??.??"]
[Round "6"]
[White "Pokojowczyk, Jerzy"]
[Black "Kruszynski, Wlodzimierz"]
[Result "1-0"]
[WhiteElo "2390"]
[BlackElo "2325"]
[EventDate "1981.??.??"]
[PlyCount "61"]

1.c4 Nf6 2.Nc3 e6 3.e4 c5 4.Nf3 b6 5.d4 cxd4 6.Nxd4 Bb7 7.Bd3 d6 8.O-O 
Nbd7 9.Qe2 a6 10.f4 Qc7 11.Bd2 Be7 12.Rac1 O-O 13.b4 Rac8 14.Kh1 Rfe8 15.
Nb3 Qb8 16.a4 Qa8 17.e5 dxe5 18.fxe5 Nxe5 19.Qxe5 Bxg2+ 20.Kg1 Bxf1 21.
Rxf1 Red8 22.Qe2 Bxb4 23.Ne4 Be7 24.Bc3 e5 25.Bxe5 Rxd3 26.Bxf6 Rxb3 27.
Bxe7 Qc6 28.Nf6+ gxf6 29.Qg4+ Kh8 30.Bxf6+ Qxf6 31.Qxc8+ 1-0

[Event "38th POL-ch"]
[Site "Warszawa POL"]
[Date "1981.??.??"]
[Round "6"]
[White "Schinzel, Wladyslaw"]
[Black "Schmidt, Wlodzimierz"]
[Result "1/2-1/2"]
[WhiteElo "2375"]
[BlackElo "2495"]
[EventDate "1981.??.??"]
[PlyCount "47"]

1.c4 c5 2.Nf3 Nf6 3.e3 g6 4.d4 Bg7 5.d5 d6 6.Be2 O-O 7.Nc3 Re8 8.h3 a6 9.
O-O e6 10.a4 exd5 11.cxd5 Ne4 12.Nxe4 Rxe4 13.Nd2 Re8 14.Nc4 Qc7 15.a5 Nd7
16.Qa4 Rb8 17.Bd2 Nf6 18.Bc3 Bd7 19.Qd1 Bb5 20.Rc1 Nd7 21.Bxg7 Kxg7 22.b4 
Bxc4 23.Rxc4 Qd8 24.Qa1+ 1/2-1/2

[Event "38th POL-ch"]
[Site "Warszawa POL"]
[Date "1981.??.??"]
[Round "7"]
[White "Kruszynski, Wlodzimierz"]
[Black "Hawelko, Marek"]
[Result "1-0"]
[WhiteElo "2325"]
[BlackElo "2345"]
[EventDate "1981.??.??"]
[PlyCount "73"]

1.e4 g6 2.d4 d6 3.Nc3 Bg7 4.Nge2 a6 5.a4 h5 6.Bg5 Nc6 7.Qd2 f6 8.Be3 e5 9.
f4 Nh6 10.h3 Nf7 11.g3 Ne7 12.Bg2 O-O 13.O-O a5 14.Rad1 Be6 15.b3 c6 16.
Kh2 Qc7 17.fxe5 fxe5 18.d5 Bd7 19.Rf2 cxd5 20.Nxd5 Nxd5 21.exd5 b5 22.axb5
Bxb5 23.Be4 Nh8 24.Rdf1 a4 25.Rxf8+ Bxf8 26.Ra1 Qc8 27.Nc3 Qe8 28.bxa4 
Bxa4 29.Qd3 Kg7 30.Bg5 Bd7 31.Rxa8 Qxa8 32.Qf3 Kg8 33.Bd3 Qe8 34.Ne4 Bg7 
35.Nxd6 Qf8 36.Qxf8+ Bxf8 37.Ne4 1-0

[Event "38th POL-ch"]
[Site "Warszawa POL"]
[Date "1981.??.??"]
[Round "7"]
[White "Ksieski, Zbigniew"]
[Black "Pokojowczyk, Jerzy"]
[Result "1/2-1/2"]
[WhiteElo "2345"]
[BlackElo "2390"]
[EventDate "1981.??.??"]
[PlyCount "29"]

1.Nf3 Nf6 2.g3 c5 3.Bg2 e6 4.O-O Be7 5.c4 Qc7 6.Nc3 a6 7.b3 O-O 8.Bb2 b6 
9.d4 cxd4 10.Qxd4 Bb7 11.Ng5 Bxg2 12.Kxg2 d6 13.Rad1 Nbd7 14.Nge4 Rfd8 15.
f3 1/2-1/2

[Event "38th POL-ch"]
[Site "Warszawa POL"]
[Date "1981.??.??"]
[Round "7"]
[White "Kuligowski, Adam"]
[Black "Jasnikowski, Zbigniew"]
[Result "1-0"]
[WhiteElo "2450"]
[BlackElo "2380"]
[EventDate "1981.??.??"]
[PlyCount "77"]

1.d4 f5 2.Nc3 Nf6 3.Bg5 e6 4.e4 fxe4 5.Nxe4 Be7 6.Bxf6 Bxf6 7.Qh5+ g6 8.
Qh6 b6 9.Nf3 Bb7 10.Bd3 Nc6 11.Nfg5 Nb4 12.Nxh7 Nxd3+ 13.cxd3 Kf7 14.Neg5+
Bxg5 15.Nxg5+ Kf6 16.Nh7+ Kf7 17.Qf4+ Kg7 18.Ng5 Rf8 19.Qg3 Qf6 20.Rc1 
Rac8 21.O-O Qxd4 22.Rxc7 Rxc7 23.Qxc7 Qd5 24.Ne4 Bc6 25.Qg3 Qd4 26.Nc3 Rf5
27.Qe3 Qb4 28.Rb1 Qh4 29.Ne4 Rd5 30.Re1 g5 31.h3 Kg6 32.Rd1 g4 33.Qf4 e5 
34.Qf8 Kh7 35.Qf7+ Kh6 36.Qf8+ Kh7 37.Nf6+ Kg6 38.Qg8+ Kf5 39.hxg4+ 1-0

[Event "38th POL-ch"]
[Site "Warszawa POL"]
[Date "1981.??.??"]
[Round "7"]
[White "Przewoznik, Jan"]
[Black "Nowak, Ignacy"]
[Result "1-0"]
[WhiteElo "2370"]
[BlackElo "2370"]
[EventDate "1981.??.??"]
[PlyCount "61"]

1.d4 d5 2.c4 dxc4 3.Nf3 Nf6 4.e3 e6 5.Bxc4 c5 6.O-O a6 7.Qe2 b5 8.Bd3 Nbd7
    ( 8...cxd4 9.exd4 $13 )
9.a4 b4 10.a5 Bb7 11.Nbd2 Qb8 12.Nc4 Qa7 $6 13.Re1 Be7 14.Bd2 Ne4 15.Rad1 
Rd8 16.Bc1 O-O 17.Nfe5 Ndf6 18.Nb6 h6 19.f3 Ng5 20.dxc5 Bxc5 21.h4 Ngh7 
22.Bxh7+ $1 Nxh7 23.Ned7 Be7 24.Nxf8 Rxf8 25.Qc4 Nf6 26.Qc7 Re8 27.e4 Nh5 
28.Rd7 Bxh4 29.Red1 Rb8 30.Be3 Bg3 31.Rd8+ 1-0

[Event "38th POL-ch"]
[Site "Warszawa POL"]
[Date "1981.??.??"]
[Round "7"]
[White "Rakowiecki, Tomasz"]
[Black "Adamski, Jan"]
[Result "1/2-1/2"]
[WhiteElo "2270"]
[BlackElo "2430"]
[EventDate "1981.??.??"]
[PlyCount "56"]

1.Nf3 Nf6 2.c4 c5 3.Nc3 e6 4.g3 d5 5.cxd5 Nxd5 6.Bg2 Nc6 7.O-O Be7 8.d4 
O-O 9.Nxd5 exd5 10.dxc5 Bxc5 11.Qc2 Bb6 12.Ng5 g6 13.Qd2 Nd4 14.Nf3 Nxf3+ 
15.Bxf3 Be6 16.b3 Qd7 17.Bb2 d4 18.Rad1 Rad8 19.Qf4 Bd5 20.e3 Bxf3 21.Qxf3
Qd5 22.Qxd5 Rxd5 23.Bxd4 Bxd4 24.Rxd4 Rxd4 25.exd4 Rc8 26.Rd1 Kf8 27.Rd2 
Ke7 28.Kg2 Rc3 1/2-1/2

[Event "38th POL-ch"]
[Site "Warszawa POL"]
[Date "1981.??.??"]
[Round "7"]
[White "Schmidt, Wlodzimierz"]
[Black "Panczyk, Krzysztof"]
[Result "1/2-1/2"]
[WhiteElo "2495"]
[BlackElo "2365"]
[EventDate "1981.??.??"]
[PlyCount "31"]

1.d4 d5 2.c4 e6 3.Nf3 Nf6 4.Nc3 Nbd7 5.Bg5 c6 6.e3 Qa5 7.Nd2 Bb4 8.Qc2 O-O
9.Be2 b6 10.O-O Bxc3 11.bxc3 Ba6 12.a4 dxc4 13.Bxf6 Nxf6 14.Nxc4 Qd5 15.
Ne5 Bxe2 16.Qxe2 1/2-1/2

[Event "38th POL-ch"]
[Site "Warszawa POL"]
[Date "1981.??.??"]
[Round "7"]
[White "Stempin, Pawel"]
[Black "Schinzel, Wladyslaw"]
[Result "0-1"]
[WhiteElo "2325"]
[BlackElo "2375"]
[EventDate "1981.??.??"]
[PlyCount "84"]

1.d4 Nf6 2.c4 c5 3.Nf3 cxd4 4.Nxd4 e6 5.g3 d5 6.Bg2 e5 7.Nb3 d4 8.O-O Nc6 
9.e3 Bg4 10.Bf3 
    ( 10.f3 )
10...Bxf3 11.Qxf3 e4 12.Qg2 d3 13.Nc3 Qe7 14.Nd2 O-O-O 15.Ncxe4 h5 16.h4 
$2 
    ( 16.h3 )
16...Ng4 17.b3 f5 18.Ng5 Qf6 19.Rb1 Bb4 20.Bb2 Bc3 $1 21.Nde4 fxe4 22.Nxe4
Bxb2 23.Nxf6 Bxf6 24.b4 d2 25.Qe4 Bc3 26.Qc2 
    ( 26.b5 )
26...Bxb4 27.c5 Rhf8 28.Qb3 Rd7 29.Qe6 Kd8 30.Qc4 Rf5 31.Qg8+ 
    ( 31.Rxb4 $2 d1=Q )
31...Kc7 32.Qe6 Re5 33.Qb3 Rxc5 34.Rfd1 b6 35.a3 Rc3 36.axb4 Rxb3 37.Rxb3 
b5 38.f4 Nxb4 39.Kf1 Nc2 40.Ke2 Ncxe3 41.Rxd2 Rxd2+ 42.Kxd2 Kc6 0-1

[Event "38th POL-ch"]
[Site "Warszawa POL"]
[Date "1981.??.??"]
[Round "7"]
[White "Sznapik, Aleksander"]
[Black "Bielczyk, Jacek"]
[Result "1/2-1/2"]
[WhiteElo "2450"]
[BlackElo "2410"]
[EventDate "1981.??.??"]
[PlyCount "21"]

1.e4 c5 2.Nf3 Nc6 3.Bb5 g6 4.O-O Bg7 5.Re1 Nf6 6.e5 Nd5 7.Nc3 Nc7 8.Bxc6 
dxc6 9.Ne4 Ne6 10.b3 O-O 11.Bb2 1/2-1/2

[Event "38th POL-ch"]
[Site "Warszawa POL"]
[Date "1981.??.??"]
[Round "8"]
[White "Adamski, Jan"]
[Black "Kuligowski, Adam"]
[Result "1/2-1/2"]
[WhiteElo "2430"]
[BlackElo "2450"]
[EventDate "1981.??.??"]
[PlyCount "27"]

1.d4 Nf6 2.c4 g6 3.Nc3 d5 4.Nf3 Bg7 5.cxd5 Nxd5 6.e4 Nxc3 7.bxc3 c5 8.Bb5+
Nc6 9.O-O cxd4 10.cxd4 O-O 11.Bxc6 bxc6 12.Ba3 Bg4 13.Bc5 Re8 14.Rb1 
1/2-1/2

[Event "38th POL-ch"]
[Site "Warszawa POL"]
[Date "1981.??.??"]
[Round "8"]
[White "Bielczyk, Jacek"]
[Black "Przewoznik, Jan"]
[Result "1-0"]
[WhiteElo "2410"]
[BlackElo "2370"]
[EventDate "1981.??.??"]
[PlyCount "77"]

1.e4 e5 2.Nf3 Nc6 3.Bc4 Nf6 4.d4 exd4 5.O-O Nxe4 6.Re1 d5 7.Bxd5 Qxd5 8.
Nc3 Qa5 9.Nxe4 Be6 10.Neg5 O-O-O 11.Nxe6 fxe6 12.Rxe6 Qf5 13.Qe2 Bc5 14.
Bg5 Rdf8 15.Re1 Qd5 16.a3 a6 17.Bh4 Kb8 18.Qd3 g5 19.c4 Qd8 20.Nxg5 h6 21.
Nf3 Qd7 22.b4 Bd6 23.Bg3 Bxg3 24.hxg3 Rd8 25.R6e4 Qf5 26.b5 Na7 27.bxa6 b6
28.Ne5 Rhe8 29.g4 Qh7 30.Qg3 Re7 31.c5 d3 32.cxb6 d2 33.bxa7+ Ka8 34.Qf3 
dxe1=Q+ 35.Rxe1+ c6 36.Qxc6+ Kxa7 37.Qc5+ Ka8 38.Rc1 Qe4 39.Qxe7 1-0

[Event "38th POL-ch"]
[Site "Warszawa POL"]
[Date "1981.??.??"]
[Round "8"]
[White "Jasnikowski, Zbigniew"]
[Black "Kruszynski, Wlodzimierz"]
[Result "1/2-1/2"]
[WhiteElo "2380"]
[BlackElo "2325"]
[EventDate "1981.??.??"]
[PlyCount "69"]

1.e4 c5 2.c4 Nc6 3.Nc3 e6 4.g3 Nf6 5.Bg2 Be7 6.Nge2 d6 7.O-O O-O 8.d4 cxd4
9.Nxd4 Bd7 10.b3 a6 11.Bb2 Rc8 12.Nxc6 Bxc6 13.Qe2 Qc7 14.Rfe1 Rfd8 15.a4 
b6 16.Na2 Nd7 17.Nb4 Bb7 18.Nd3 Bf6 19.Bxf6 Nxf6 20.e5 dxe5 21.Bxb7 Qxb7 
22.Nxe5 h5 23.Rad1 a5 24.Qe3 Qc7 25.Kg2 Rd6 26.Rxd6 Qxd6 27.Rc1 Rd8 28.h3 
Rc8 29.Rc3 Qc7 30.Rd3 Rd8 31.Rd4 Rd6 32.Qd3 Qb7+ 33.Kg1 Rxd4 34.Qxd4 Qc7 
35.Kf1 1/2-1/2

[Event "38th POL-ch"]
[Site "Warszawa POL"]
[Date "1981.??.??"]
[Round "8"]
[White "Ksieski, Zbigniew"]
[Black "Schmidt, Wlodzimierz"]
[Result "1/2-1/2"]
[WhiteElo "2345"]
[BlackElo "2495"]
[EventDate "1981.??.??"]
[PlyCount "29"]

1.d4 Nf6 2.c4 g6 3.Nc3 d5 4.Nf3 Bg7 5.cxd5 Nxd5 6.e4 Nxc3 7.bxc3 c5 8.Be3 
Qa5 9.Qd2 O-O 10.Rc1 cxd4 11.cxd4 Qxd2+ 12.Nxd2 e6 13.Bb5 Bd7 14.Bxd7 Nxd7
15.Ke2 1/2-1/2

[Event "38th POL-ch"]
[Site "Warszawa POL"]
[Date "1981.??.??"]
[Round "8"]
[White "Nowak, Ignacy"]
[Black "Rakowiecki, Tomasz"]
[Result "1-0"]
[WhiteElo "2370"]
[BlackElo "2270"]
[EventDate "1981.??.??"]
[PlyCount "75"]

1.c4 Nf6 2.Nf3 c5 3.Nc3 Nc6 4.d4 cxd4 5.Nxd4 e6 6.g3 Qb6 7.Nb3 Ne5 8.e4 
Bb4 9.Qe2 O-O 10.f4 Ng6 11.e5 Ne8 12.Be3 Qc7 13.Bg2 d6 14.Bd4 Bd7 15.O-O 
Bxc3 16.Bxc3 Bc6 17.Bxc6 Qxc6 18.Nd4 Qb6 19.exd6 Nxd6 20.b4 Qa6 21.c5 Qxe2
22.Nxe2 Ne4 23.Rfd1 Ne7 24.Rd4 Nxc3 25.Nxc3 Nc6 26.Rc4 Rfd8 27.Ne4 Rd3 28.
a3 Nd4 29.Nf2 Rd2 30.Rd1 Rxd1+ 31.Nxd1 Nb5 32.a4 Nc7 33.Nc3 Rd8 34.b5 Kf8 
35.Ne4 Ke7 36.Nd6 b6 37.cxb6 Kxd6 38.Rc6+ 1-0

[Event "38th POL-ch"]
[Site "Warszawa POL"]
[Date "1981.??.??"]
[Round "8"]
[White "Panczyk, Krzysztof"]
[Black "Stempin, Pawel"]
[Result "1/2-1/2"]
[WhiteElo "2365"]
[BlackElo "2325"]
[EventDate "1981.??.??"]
[PlyCount "106"]

1.d4 Nf6 2.c4 e6 3.Nc3 Bb4 4.e3 b6 5.Bd3 Bb7 6.Nf3 Ne4 7.O-O f5 8.d5 Bxc3 
9.bxc3 Nc5 10.Ba3 Nba6 11.Bc2 O-O 12.Nd4 Qf6 13.f3 Rae8 14.Qd2 Kh8 15.Nb5 
exd5 16.Bxc5 bxc5 17.cxd5 Qe5 18.c4 Nb4 19.Rfe1 Qb2 20.Rec1 Nxc2 21.Qxc2 
Qxc2 22.Rxc2 Rxe3 23.Rb1 c6 24.Nc7 Bc8 25.d6 Kg8 26.Rb8 Ra3 27.Re2 Ba6 28.
Rxf8+ Kxf8 29.Re8+ Kf7 30.Re7+ Kg6 31.Nxa6 Rxa6 32.Rxd7 Rxa2 33.Rc7 a5 34.
Rxc6 Rd2 35.Rxc5 Rxd6 36.Rxa5 Rd2 37.Rc5 h6 38.h4 Rc2 39.Kh2 f4 40.Kh3 h5 
41.Rc7 Rc3 42.c5 Kh7 43.c6 Kg6 44.Rc8 Kh7 45.Kh2 Rc1 46.g4 fxg3+ 47.Kxg3 
Rc4 48.f4 Rc3+ 49.Kf2 Kg6 50.c7 Kh7 51.f5 Rc5 52.Ke3 Rc1 53.Kf4 Rc2 
1/2-1/2

[Event "38th POL-ch"]
[Site "Warszawa POL"]
[Date "1981.??.??"]
[Round "8"]
[White "Pokojowczyk, Jerzy"]
[Black "Hawelko, Marek"]
[Result "1-0"]
[WhiteElo "2390"]
[BlackElo "2345"]
[EventDate "1981.??.??"]
[PlyCount "59"]

1.e4 c5 2.Nf3 d6 3.d4 cxd4 4.Nxd4 Nf6 5.Nc3 g6 6.Be3 Bg7 7.f3 O-O 8.Bc4 
Nc6 9.Qd2 Bd7 10.h4 Rc8 11.Bb3 h5 12.O-O-O Ne5 13.Bg5 Rc5 14.f4 Nc4 15.Qd3
b5 16.Bxf6 Bxf6 17.e5 Bg7 18.Ne4 Rc8 19.e6 Bxe6 20.Nxe6 fxe6 21.Ng5 Bxb2+ 
22.Kb1 Rf6 23.Rhe1 a5 24.Rxe6 Qf8 25.Bxc4 Rxc4 26.Qd5 Kh8 27.Kxb2 Rf5 28.
Qd3 Rfc5 29.Qxg6 Rxc2+ 30.Kb1 1-0

[Event "38th POL-ch"]
[Site "Warszawa POL"]
[Date "1981.??.??"]
[Round "8"]
[White "Schinzel, Wladyslaw"]
[Black "Sznapik, Aleksander"]
[Result "1/2-1/2"]
[WhiteElo "2375"]
[BlackElo "2450"]
[EventDate "1981.??.??"]
[PlyCount "81"]

1.d4 Nf6 2.c4 c5 3.d5 g6 4.Nc3 Bg7 5.e4 d6 6.h3 O-O 7.Nf3 e6 8.Bd3 exd5 9.
exd5 Re8+ 10.Be3 b5 11.Nxb5 Ne4 12.Qc2 a6 13.Nc3 Ng3 14.fxg3 Rxe3+ 15.Kf2 
Re8 16.Rhe1 Rxe1 17.Rxe1 Nd7 18.Ne4 Ne5 19.Nxe5 Bxe5 20.Qd2 Bf5 21.Re2 Rb8
22.b3 a5 23.g4 Bxe4 24.Rxe4 a4 25.Bc2 axb3 26.Bxb3 Qh4+ 27.Kf1 f5 28.Qe1 
Qf6 29.gxf5 Qxf5+ 30.Kg1 Rf8 31.Bc2 Qf6 32.Bd3 Bd4+ 33.Kh1 Bf2 34.Qb1 Bg3 
35.a4 Qf2 36.a5 Be5 37.Qe1 Qb2 38.Re2 Qd4 39.Re3 Ra8 40.Rf3 Qb2 41.h4 
1/2-1/2

[Event "38th POL-ch"]
[Site "Warszawa POL"]
[Date "1981.??.??"]
[Round "9"]
[White "Hawelko, Marek"]
[Black "Jasnikowski, Zbigniew"]
[Result "1/2-1/2"]
[WhiteElo "2345"]
[BlackElo "2380"]
[EventDate "1981.??.??"]
[PlyCount "32"]

1.d4 Nf6 2.c4 g6 3.Nc3 d5 4.Nf3 Bg7 5.cxd5 Nxd5 6.e4 Nxc3 7.bxc3 c5 8.Bb5+
Bd7 9.Be2 Bg4 10.Rb1 O-O 11.Rxb7 Nc6 12.e5 cxd4 13.Nxd4 Bxe2 14.Qxe2 Nxd4 
15.cxd4 Qxd4 16.O-O Qxe5 1/2-1/2

[Event "38th POL-ch"]
[Site "Warszawa POL"]
[Date "1981.??.??"]
[Round "9"]
[White "Kruszynski, Wlodzimierz"]
[Black "Adamski, Jan"]
[Result "1/2-1/2"]
[WhiteElo "2325"]
[BlackElo "2430"]
[EventDate "1981.??.??"]
[PlyCount "66"]

1.e4 c5 2.Nf3 e6 3.d4 cxd4 4.Nxd4 a6 5.Bd3 Nf6 6.O-O d6 7.c4 Be7 8.Nc3 O-O
9.Kh1 Nbd7 10.f4 Re8 11.Qe2 Qc7 12.Nf3 e5 13.f5 Nc5 14.Bc2 b5 15.b4 Ncd7 
16.Nd5 Qd8 17.Bd3 bxc4 18.Bxc4 Bb7 19.Nxe7+ Rxe7 20.Nd2 Nb6 21.Bb2 Nxc4 
22.Nxc4 Bxe4 23.Rad1 Bd5 24.Na5 Rc8 25.Bc1 Rec7 26.Bg5 Rc2 27.Rd2 Rxd2 28.
Qxd2 Be4 29.Qe2 Rc2 30.Qxe4 Nxe4 31.Bxd8 Re2 32.Nc6 f6 33.Ba5 Nc3 1/2-1/2